History Quiz

Random History or Country Quiz

Click the Super Tuesday States Quiz Stats

 Plays Quiz Updated Mar 1, 2016

Challenge
Share
Tweet
Score 0/12 Timer 03:00
0 Plays Today
% Correct
TX
78.1%
GA
61%
AL
57.2%
OK
55.8%
TN
54.6%
AR
52.7%
VA
52.2%
CO
49.4%
MN
43.4%
MA
41.5%
VT
41.1%
AK
29.7%

You're not logged in!

Compare scores with friends on all Sporcle quizzes.
OR
Log In

You Might Also Like...

Show Comments

Extras

Top Quizzes Today


Score Distribution

Your Account Isn't Verified!

In order to create a playlist on Sporcle, you need to verify the email address you used during registration. Go to your Sporcle Settings to finish the process.

Report this User

Report this user for behavior that violates our Community Guidelines.

Details: